000
00238nam a2200097Ia 4500
001
682315
005
20250826161416.0
008
250824s9999 xx 000 0 und d
245
0
_a
BİR VARMIŞ BİR YOKMUŞ
_c
AYŞE KULİN
260
_b
EVEREST
999
_c
682315
_d
682315